The People's Leader: (Record no. 192152)

MARC details
000 -LEADER
fixed length control field 00655nam a22001937a 4500
005 - DATE AND TIME OF LATEST TRANSACTION
control field 20220922122043.0
010 ## - LCCN (DPL NO)
LC control number B-745508
020 ## - INTERNATIONAL STANDARD BOOK NUMBER
International Standard Book Number 9789390900350
Terms of availability 295.00
035 ## - SYSTEM CONTROL NUMBER
System control number B-745508
037 ## - SOURCE OF ACQUISITION
Source of stock number/acquisition Prabhat Paperbacks
100 ## - MAIN ENTRY--PERSONAL NAME
Personal name Jha, Vivekanand
245 ## - TITLE STATEMENT
Title The People's Leader:
Remainder of title Inspiring Biography of Saryu Roy/
Statement of responsibility, etc Vevekanand Jha
250 ## - EDITION STATEMENT
Edition statement First
260 ## - PUBLICATION, DISTRIBUTION, ETC. (IMPRINT)
Place of publication, distribution, etc New Delhi
Name of publisher, distributor, etc Prabhat Paperbacks
Date of publication, distribution, etc 2021
270 ## - ADDRESS
Address 4/19 Asaf Ali Road,
City New Delhi
Postal code 110002
Electronic mail address prabhatbooks@gmail.com
300 ## - PHYSICAL DESCRIPTION
Extent 270p.
Dimensions 21cm(pbk)
942 ## - ADDED ENTRY ELEMENTS (KOHA)
Source of classification or shelving scheme Dewey Decimal Classification
Item type English Books
Call number suffix JHA
Classification part 921
Holdings
Withdrawn status Lost status Not for loan Collection code Home library Current library Date acquired Source of acquisition Cost, normal purchase price Full call number Barcode Copy number Cost, replacement price Koha item type Public note
      Non-fiction Central Library Central Library 12/09/2022 05/09/22Gift 295.00 921 JHA B-745508 1 295.00 English Books Gift

© Delhi Public Library
Hit Counter
free hit counter